| 000 | 00855nam a2200301 a 4500 | ||
|---|---|---|---|
| 003 | AR-BaBNM | ||
| 005 | 20251128210303.0 | ||
| 008 | 082120s2002 ||||||||||||||000 | spa|| | ||
| 040 | _cAR-BaBNM | ||
| 245 | 0 | 0 |
_aEarly education _bcurrent theory, research, and action |
| 250 | _a2ª ed. | ||
| 260 |
_aIllinois _bAldine _c1969 |
||
| 300 |
_a272 p. _btablas |
||
| 504 | _aContiene bibliografía p. 231-264 | ||
| 600 | 1 | 4 | _aMontessori, María |
| 650 | 4 | _aDESARROLLO COGNOSCITIVO | |
| 650 | 4 | _aDESARROLLO DEL LENGUAJE | |
| 650 | 4 | _aPROGRAMAS DE EDUCACION | |
| 650 | 4 | _aDESARROLLO DE LA PERSONALIDAD | |
| 651 | 4 | _aEstados Unidos | |
| 653 | _aEDUCACION INICIAL | ||
| 653 | _aJARDINES MATERNALES | ||
| 653 | _aLECTOESCRITURA | ||
| 700 | 1 |
_aHess, Robert D. _eeditor |
|
| 700 | 1 |
_aBear, Roberta Meyer _eeditor |
|
| 942 | _cBK | ||
| 998 | _cRaquel | ||
| 999 |
_c14802 _d14802 |
||